Principles of marketing / (Record no. 16716)
[ view plain ]
| 000 -LEADER | |
|---|---|
| fixed length control field | 00484cam a2200169 a 4500 |
| 020 ## - INTERNATIONAL STANDARD BOOK NUMBER | |
| ISBN | 0139570020 |
| 040 ## - CATALOGING SOURCE | |
| Transcribing agency | DLC |
| 082 00 - DEWEY DECIMAL CLASSIFICATION NUMBER | |
| Classification number | 658 PRE 1999 A110 Or. |
| 100 1# - MAIN ENTRY--AUTHOR NAME | |
| Personal name | Kotler, Philip |
| 245 10 - TITLE STATEMENT | |
| Title | Principles of marketing / |
| 250 ## - EDITION STATEMENT | |
| Edition statement | 8th ed |
| 260 ## - PUBLICATION, DISTRIBUTION, ETC. (IMPRINT) | |
| Place of publication | Upper Saddle River, NJ : |
| Name of publisher | Prentice Hall, |
| Year of publication | c1999 |
| 300 ## - PHYSICAL DESCRIPTION | |
| Number of Pages | 1 v. (various pagings) : |
| Other physical details | col. ill. ; |
| Dimensions | 29 cm. + |
| Accompanying material | 1 computer laser optical disc (4 3/4 in.) |
| 650 #0 - SUBJECT ADDED ENTRY--TOPICAL TERM | |
| Topical Term | Marketing |
| 700 1# - ADDED ENTRY--PERSONAL NAME | |
| Personal name | Armstrong, Gary |
| 942 ## - ADDED ENTRY ELEMENTS (KOHA) | |
| Koha item type | សៀវភៅភាសាអង់គ្លេស |
| 952 ## - LOCATION AND ITEM INFORMATION (KOHA) | |
| Withdrawn status [LOCAL, KOHA] | 0 |
| Permanent Location | Date acquired | Koha item type | Lost status | Shelving location | Barcode | Current Location | Full call number |
|---|---|---|---|---|---|---|---|
| Library Block A | 2018-03-28 | សៀវភៅភាសាអង់គ្លេស | A109 | A05967 | Library Block A | 658 PRE 1999 A109 Or. |